Регионална библиотека "Любен Каравелов" - Русе

Influences etrangeres dans la litterature bulgare (Запис номер 344534)

MARC детайли
000 -Лидер
Контролно поле с фиксирана дължина 01057nam a2200301 c 4500
003 - Код на организацията, давaща контролен номер
Контролно поле BLK
005 - Дата и час на последна редакция
Контролно поле 20200423140738.0
008 - Елементи от данни с фиксирана дължина
fixed length control field 180911b bul|||||r ||||||| ||bul||
010 ## - Наследен системен номер
LC control number 004199
040 ## - Източник на каталожния запис
Идентификатор на билиотеката - собственик на записа BLK
041 ## - Код за език
Код за езика на текст/звукозапис или на отделно заглавие Френски
Код за езика КДБФ Български
080 ## - УДК
УДК - код + определител 886.7.09
100 1# - Редна дума - Автор
Автор DONCEV, Nikolai
Авторска отговорност първи автор
R(LIN) 397664
245 00 - Сведения за заглавието
Заглавие Influences etrangeres dans la litterature bulgare
Том Pt. 1
246 ## - Различни форми на заглавието
Паралелно заглавие Pt. 1-
Текст за показване Influence allemande
260 ## - Област на издателските данни
Място на издаване, разпространение и проч. Sofia
Име на издателя, разпространителя и проч. La Bulgarie
Година на издаване 1934 -
Печатница La Bulgarie
Дата на отпечатване 1934
300 ## - Физическа характеристика
Страници 143 с. : с ил
Размери/Мащаб 25 см
380 ## - Жанр
Жанр Литературознание
490 ## - СЕРИИ (Колекции)
Име на серия Частна колекция - Академик Михаил Арнаудов
Бележки за серията Дарение - Основен фонд
500 ## - Общи забележки
Забележка Автограф с текст: A Monsieur Mihail Arnaudoff mon distingue professeur tres cordial hommage N. Doncev
650 ## - Допълнително описание по предмет – тема
Основно описание – тема или топоним Критика
9 (RLIN) 159735
655 ## - Ключова дума – жанр/разновидност
Данни за жанр/разновидност или ключова дума за фокус българско литературознание
700 1# - Други автори (авторска отговорност)
Лично име Nicolai Dontchev
9 (RLIN) 397665
700 1# - Други автори (авторска отговорност)
Лично име Pref. de Marcel Brion
9 (RLIN) 396934
852 ## - Местоположение
Форматна сигнатура МА 948
Фондова буква Фонд "Михаил Арнаудов"
999 ## - СИСТЕМНИ КОНТРОЛНИ НОМЕРА
Koha biblionumber 344534
Koha biblioitemnumber 344534
942 ## - АРТИКУЛИ
Вид на библиотечния материал Книги
Скрит в OPAC Не
Периодичен библиозапис Да
944 ## - СЪЗДАВАНЕ И РЕДАКЦИЯ на ЗАПИСА
Създаване/Редакция Създаване
Дата на регистрацията/редакция 1996
Служител, извършил регистрацията/редакцията ValK
999 ## - СИСТЕМНИ КОНТРОЛНИ НОМЕРА
Koha biblioitemnumber 344534
999 ## - СИСТЕМНИ КОНТРОЛНИ НОМЕРА
Koha biblioitemnumber 344534
Наличности
Код за отписване Код за изгубен артикул Източник на класификационната схема Код за повреда Коз за рестрикции Код за отдаване Артикулен № Име на библиотеката - собственик Име на библиотеката, в която се намира в момента Статус (Текущо местоположение) Местоположение - отдел Цена в лева Номерация (Хронология) Инвентарен номер Систематично азбучна сигнатура Баркод Номер на екземпляра Цена в евро Служебен тип на артикула Бележка за публиката
  Не е изгубен Universal Decimal Classification Не е повреден само за читалня Специални фондове ( старопечатни, редки и ценни, фонд М. Арнаудов) 744952 Регионална библиотека "Любен Каравелов" Русе Регионална библиотека "Любен Каравелов" Русе Фонд "Михаил Арнаудов" Фонд "Михаил Арнаудов" 30.00 Автограф: N. Doncev 588245 МА 948 120000588245 1 15.34 Книги
Vip Innovations Ltd, Rousse, Bulgaria 2025